Đối thoại với các nền văn hóa : Đức

Gespeichert in:
Bibliographische Detailangaben
Format: Buch
Sprache:Undetermined
Veröffentlicht: Thành phố Hồ Chí Minh Trẻ 2004
Schlagworte:
Tags: Tag hinzufügen
Keine Tags, Fügen Sie den ersten Tag hinzu!
Thư viện lưu trữ: Trung tâm Học liệu Trường Đại học Cần Thơ
LEADER 00565nam a2200193Ia 4500
001 CTU_64030
008 210402s9999 xx 000 0 und d
020 |c 16500 
082 |a 943 
082 |b Đ452 
245 0 |a Đối thoại với các nền văn hóa : 
245 0 |b Đức 
245 0 |c Trịnh Huy Hóa biên dịch 
260 |a Thành phố Hồ Chí Minh 
260 |b Trẻ 
260 |c 2004 
650 |a Civilizationsocial life and customs 
904 |i Trọng Hải 
980 |a Trung tâm Học liệu Trường Đại học Cần Thơ